ARRUPE JESUIT UNIVERSITY

CORONAVIRUS -STOP THE SPREAD - CLEAN,DISINFECT,COVER

Genograms in family assessment. (Record no. 131687)

MARC details
000 -LEADER
fixed length control field 00526nam a22001577a 4500
008 - FIXED-LENGTH DATA ELEMENTS--GENERAL INFORMATION
fixed length control field 230320b |||||||| |||| 00| 0 eng d
020 ## - INTERNATIONAL STANDARD BOOK NUMBER
International Standard Book Number 03970002-x
050 ## - LIBRARY OF CONGRESS CALL NUMBER
Classification number RC488.5.M395 1985.
100 ## - MAIN ENTRY--PERSONAL NAME
Personal name McGoldrick,Monica
9 (RLIN) 52241
245 ## - TITLE STATEMENT
Title Genograms in family assessment.
Statement of responsibility, etc Monica McGoldrick.
260 ## - PUBLICATION, DISTRIBUTION, ETC. (IMPRINT)
Place of publication, distribution, etc New York:
Name of publisher, distributor, etc W.W.Norton &Company,
Date of publication, distribution, etc 1985.
300 ## - PHYSICAL DESCRIPTION
Extent xviii,
Other physical details 174p;
Dimensions 24cm.
650 ## - SUBJECT ADDED ENTRY--TOPICAL TERM
Topical term or geographic name as entry element Family psychotherapy,
Form subdivision technique
9 (RLIN) 52242
650 ## - SUBJECT ADDED ENTRY--TOPICAL TERM
Topical term or geographic name as entry element behavioral assessment
Form subdivision charts,diagrams,etc
9 (RLIN) 52243
942 ## - ADDED ENTRY ELEMENTS (KOHA)
Source of classification or shelving scheme Library of Congress Classification
Item type Monograph ( Printed materials)
Holdings
Withdrawn status Lost status Source of classification or shelving scheme Damaged status Not for loan Home library Current library Shelving location Date acquired Total Checkouts Full call number Barcode Date last seen Price effective from Koha item type
    Library of Congress Classification     ARRUPE LIBRARY ARRUPE LIBRARY Main Collection 21/03/2023   RC488.5.M395 1985. 46700001114 21/03/2023 21/03/2023 Monograph ( Printed materials)

 

Arrupe Library. PO Box MP320 Mt Pleasant, Harare, Zimbabwe
263 242 745411|librarian@aju.ac.zw